[Event "Politiken Cup 2007"]
[Site "Helsingor"]
[Date "2007.07.24"]
[Round "5.120"]
[White "Hedler, Robert"]
[Black "Hrafnkelsson, Gisli"]
[Result "1-0"]
[WhiteElo "1800"]
[BlackElo "1505"]
[PlyCount "136"]
[EventDate "2007.??.??"]

1. c4 c5 2. g3 g6 3. Bg2 Bg7 4. Nc3 Nc6 5. e4 e5 6. d3 d6 7. f4 f5 8. Nge2 Nf6
9. O-O O-O 10. h3 h6 11. Be3 Be6 12. Qd2 Kh7 13. a3 Nd4 14. fxe5 dxe5 15. Rab1
Nxe2+ 16. Qxe2 fxe4 17. Nxe4 Nxe4 18. Bxe4 Bxh3 19. Qh5 Rxf1+ 20. Rxf1 Bxf1 21.
Qxg6+ Kg8 22. Qh7+ Kf7 23. Kxf1 Qf6+ 24. Ke2 Rh8 25. Bd5+ Ke8 26. Qe4 b6 27.
Bc6+ Ke7 28. Bb5 Rd8 29. b4 cxb4 30. axb4 Rb8 31. c5 bxc5 32. Bxc5+ Kf7 33.
Bc4+ Ke8 34. Qd5 Bf8 35. Bxa7 Rxb4 36. Bb5+ Rxb5 37. Qxb5+ Kf7 38. Qd5+ Qe6 39.
Qf3+ Kg6 40. Qe4+ Qf5 41. Qc6+ Qf6 42. Qe8+ Kh7 43. Bb8 Qe7 44. Qxe7+ Bxe7 45.
Bxe5 Kg6 46. Bc7 Kf5 47. Kf3 Bf6 48. Bf4 h5 49. Be3 Be5 50. Bf4 Bd4 51. Be3 Be5
52. Bc5 Bc7 53. d4 Ke6 54. Bf8 Kd5 55. Bg7 Bb8 56. Kg2 Ba7 57. Kh3 Bxd4 58.
Bxd4 Kxd4 59. Kh4 Ke5 60. Kxh5 Kf6 61. Kh4 Kg6 62. Kg4 Kg7 63. Kg5 Kg8 64. Kg6
Kh8 65. g4 Kg8 66. g5 Kh8 67. Kf7 Kh7 68. g6+ Kh8 1-0

[Event "Politiken Cup 2007"]
[Site "Helsingor"]
[Date "2007.07.24"]
[Round "5.121"]
[White "Nilsson, Ulf"]
[Black "Olafsson, Olafur Senior"]
[Result "1/2-1/2"]
[WhiteElo "1800"]
[BlackElo "1500"]
[PlyCount "62"]
[EventDate "2007.??.??"]

1. d4 d5 2. Nf3 Nf6 3. g3 h6 4. Bg2 Bf5 5. O-O e6 6. c4 c6 7. Nc3 Bd6 8. Nd2
O-O 9. e4 dxe4 10. Ndxe4 Nxe4 11. Nxe4 Be7 12. Be3 Nd7 13. Qd2 Qc7 14. Rac1
Rfd8 15. Rfd1 a6 16. d5 Ne5 17. d6 Qc8 18. Qa5 Bf6 19. Nxf6+ gxf6 20. b4 Nd3
21. c5 Nxc1 22. Bxc1 Kh7 23. Rd4 Rg8 24. Rh4 Rg6 25. Qa3 Kg7 26. Qc3 Qd7 27. a4
e5 28. Bf3 Bg4 29. Bxh6+ Kg8 30. Bd2 Qf5 31. Bxg4 Rxg4 1/2-1/2

[Event "Politiken Cup 2007"]
[Site "Helsingor"]
[Date "2007.07.24"]
[Round "5.122"]
[White "Traustason, Ingi Tandri"]
[Black "Gade, Jens"]
[Result "1-0"]
[WhiteElo "1782"]
[BlackElo "1462"]
[PlyCount "81"]
[EventDate "2007.??.??"]

1. d4 d5 2. c4 dxc4 3. Nc3 Nf6 4. e4 e6 5. Bxc4 Be7 6. Nge2 O-O 7. O-O c5 8.
Bf4 Nbd7 9. d5 e5 10. Be3 Ne8 11. f3 Nd6 12. Bd3 c4 13. Bc2 b5 14. Qe1 Bh4 15.
Ng3 b4 16. Nce2 a5 17. Rc1 Ba6 18. Qd2 Rc8 19. Bf2 Nc5 20. Bxc5 Rxc5 21. Qe3
Rc8 22. Ba4 Bg5 23. f4 exf4 24. Nxf4 c3 25. Rf2 Nc4 26. Qd4 Bxf4 27. Rxf4 Nxb2
28. Bc2 Qg5 29. Qe3 Nc4 30. Qf2 Nb2 31. h4 Qd8 32. Qf3 Qb6+ 33. Kh2 Qd4 34. Rg4
Rcd8 35. Nf5 Qf6 36. Rxg7+ Kh8 37. Qh5 Qxg7 38. Nxg7 Kxg7 39. Qg5+ Kh8 40. Qf6+
Kg8 41. Qxa6 1-0

[Event "Politiken Cup 2007"]
[Site "Helsingor"]
[Date "2007.07.24"]
[Round "5.123"]
[White "Lie, Terje"]
[Black "Ryberg, Denis"]
[Result "1/2-1/2"]
[WhiteElo "1772"]
[BlackElo "1410"]
[PlyCount "156"]
[EventDate "2007.??.??"]

1. d4 Nf6 2. c4 e6 3. Nc3 Bb4 4. f3 d5 5. a3 Bxc3+ 6. bxc3 O-O 7. cxd5 exd5 8.
e3 Bf5 9. Ne2 Re8 10. g4 Bg6 11. Nf4 Qd6 12. Nxg6 fxg6 13. Bg2 c6 14. O-O Nbd7
15. Ra2 Nb6 16. Re2 Nc4 17. Qd3 Nxa3 18. e4 dxe4 19. Bxa3 exd3 20. Rxe8+ Nxe8
21. Bxd6 Nxd6 22. Rd1 a5 23. Rxd3 a4 24. Bf1 Kh8 25. Rd1 a3 26. c4 a2 27. Ra1
b5 28. cxb5 Nxb5 29. d5 Nd4 30. Bc4 cxd5 31. Bxd5 Ra5 32. Rxa2 Rxa2 33. Bxa2
Nxf3+ 34. Kg2 Ne5 35. Kg3 g5 36. Be6 g6 37. Kf2 Nd3+ 38. Ke3 Nf4 39. Bb3 Kg7
40. Kf3 Kf6 41. Bc4 Ke5 42. Bg8 h5 43. Bf7 Kf6 44. Be8 hxg4+ 45. Kxg4 Ng2 46.
Kg3 Ne3 47. Bb5 Kf5 48. Bd3+ Kf6 49. Kf3 Nf5 50. Kg4 Nh6+ 51. Kg3 Ng8 52. Be4
Ne7 53. Bd3 Nc6 54. Be4 Ne5 55. h3 Kg7 56. Bc2 Kf6 57. Be4 Ke6 58. Bc2 Kd5 59.
Bb3+ Ke4 60. Be6 Ke3 61. Bg4 Ke4 62. Bd1 Ke3 63. Bc2 Kd4 64. Kf2 Kd5 65. Ke2 g4
66. Bb3+ Ke4 67. Bc2+ Kf4 68. hxg4 g5 69. Bf5 Nxg4 70. Bc8 Nh6 71. Kf2 Nf5 72.
Bxf5 Kxf5 73. Kf3 g4+ 74. Kg2 Kf4 75. Kf2 g3+ 76. Kg1 Kf3 77. Kf1 g2+ 78. Kg1
Kg3 1/2-1/2

[Event "Politiken Cup 2007"]
[Site "Helsingor"]
[Date "2007.07.24"]
[Round "5.124"]
[White "Rolvaag, Birk Anders"]
[Black "Almasy, Alexander"]
[Result "1-0"]
[WhiteElo "1320"]
[BlackElo "1752"]
[PlyCount "99"]
[EventDate "2007.??.??"]

1. e4 c5 2. Nc3 e6 3. g3 d5 4. exd5 exd5 5. d4 Nc6 6. Bg2 cxd4 7. Nxd5 Be6 8.
Nf4 Qa5+ 9. Bd2 Bb4 10. a3 Bxd2+ 11. Qxd2 Qxd2+ 12. Kxd2 O-O-O 13. Nf3 Bf5 14.
Rhe1 Nf6 15. Ne5 Nxe5 16. Rxe5 g6 17. h3 Nd7 18. Re7 Nb6 19. Bxb7+ Kb8 20. Ba6
g5 21. g4 Bxg4 22. hxg4 gxf4 23. Rb7+ Ka8 24. Rxf7 Rdf8 25. Rxf8+ Rxf8 26. Rh1
Rf7 27. Kd3 Na4 28. Kxd4 Nxb2 29. Bb5 Rc7 30. c4 a6 31. Bxa6 Nd1 32. f3 Nf2 33.
Rh2 Rd7+ 34. Kc5 Nd3+ 35. Kb6 Ne5 36. c5 Ra7 37. a4 Nd7+ 38. Kb5 Nb8 39. Bc8
Re7 40. Bf5 Re3 41. Be4+ Ka7 42. Rxh7+ Nd7 43. Rxd7+ Kb8 44. Bd5 Re5 45. a5 Kc8
46. Kc6 Kb8 47. a6 Ka8 48. Kb6+ Rxd5 49. Rxd5 Kb8 50. Rd8# 1-0

[Event "Politiken Cup 2007"]
[Site "Helsingor"]
[Date "2007.07.24"]
[Round "5.125"]
[White "Joensen, Jogvan"]
[Black "Jensen, Hans Askov"]
[Result "1-0"]
[WhiteElo "1752"]
[BlackElo "1319"]
[PlyCount "53"]
[EventDate "2007.??.??"]

1. d4 Nf6 2. Nf3 e6 3. Bf4 c5 4. e3 Qb6 5. b3 d5 6. Bd3 Nc6 7. O-O cxd4 8. exd4
Be7 9. c3 O-O 10. Nbd2 Ba3 11. Rb1 Be7 12. Re1 Bd8 13. Ne5 Bc7 14. Ndf3 Nh5 15.
Be3 Bd6 16. Bxh7+ Kh8 17. Bc2 Ne7 18. Ng5 Nf6 19. Qf3 Nf5 20. Bxf5 exf5 21.
Ngxf7+ Kg8 22. Nxd6 Qxd6 23. Bf4 Ne4 24. Qd3 Qf6 25. f3 Qh4 26. g3 Nf2 27. gxh4
1-0

[Event "Politiken Cup 2007"]
[Site "Helsingor"]
[Date "2007.07.24"]
[Round "5.126"]
[White "Fjellheim, Marius"]
[Black "Nielsen, Martin Skovso"]
[Result "1-0"]
[WhiteElo "1318"]
[BlackElo "1735"]
[PlyCount "59"]
[EventDate "2007.??.??"]

1. d4 d5 2. Nf3 Nf6 3. e3 Bg4 4. c4 c6 5. Nc3 e6 6. cxd5 exd5 7. Qb3 Qb6 8. Ne5
Qxb3 9. axb3 Be6 10. Bd2 Bd6 11. Be2 Nbd7 12. Nxd7 Bxd7 13. O-O O-O 14. Na4 Ne4
15. Bc3 Rfe8 16. Bf3 b5 17. Bxe4 dxe4 18. Nc5 Bxc5 19. dxc5 Be6 20. Ra6 Rec8
21. b4 f6 22. Rfa1 Rc7 23. f3 Bd5 24. Kf2 Kf7 25. Kg3 Ke6 26. Kf4 g5+ 27. Kg3
h5 28. Kf2 Rg7 29. Rd1 Kf5 {Diagram #} 30. Rxd5+ 1-0

[Event "Politiken Cup 2007"]
[Site "Helsingor"]
[Date "2007.07.24"]
[Round "5.127"]
[White "Jorgensen, Orla Eilegaard"]
[Black "Agdestein, Einar Døving"]
[Result "0-1"]
[WhiteElo "1731"]
[BlackElo "1314"]
[PlyCount "76"]
[EventDate "2007.??.??"]

1. f4 d5 2. b3 Nf6 3. Bb2 Bf5 4. Nf3 e6 5. Nh4 Bg6 6. Nxg6 hxg6 7. e3 Ne4 8.
Qf3 Qh4+ 9. g3 Nxg3 10. Kd1 Nxh1 11. Qxh1 Qxh2 12. Qf3 Qh5 13. Be2 Qh1+ 14. Qf1
Nd7 15. Nc3 O-O-O 16. d3 Qxf1+ 17. Bxf1 Rh1 18. Ke2 Nf6 19. a4 Bb4 20. Nb5 a6
21. Nd4 Rh2+ 22. Kd1 c5 23. Nf3 Rf2 24. Be2 Rh8 25. c3 Rh1+ 26. Ne1 Ba5 27. d4
Rhh2 28. Nf3 Rhg2 29. dxc5 Rxe2 30. Rb1 Rxb2 31. Rxb2 Rxb2 32. b4 Bc7 33. Nd4
Ne4 34. Kc1 Rh2 35. c6 Nxc3 36. cxb7+ Kxb7 37. a5 Ne2+ 38. Nxe2 Rxe2 0-1

[Event "Politiken Cup 2007"]
[Site "Helsingor"]
[Date "2007.07.24"]
[Round "5.128"]
[White "Thorfinnsdottir, Elsa Maria"]
[Black "Zmylon, Frederik Nielsen"]
[Result "1-0"]
[WhiteElo "1693"]
[BlackElo "1174"]
[PlyCount "105"]
[EventDate "2007.??.??"]

1. e4 c5 2. Nf3 d6 3. d4 cxd4 4. Nxd4 Nf6 5. Nc3 a6 6. f3 e6 7. Be3 Be7 8. Qd2
Qc7 9. O-O-O Nc6 10. g4 Nd7 11. h4 Nxd4 12. Bxd4 e5 13. Be3 b5 14. Nd5 Qd8 15.
Nxe7 Qxe7 16. Qxd6 Qxd6 17. Rxd6 O-O 18. Be2 Nf6 19. h5 h6 20. Rhd1 Bb7 21.
Bxh6 Ne8 22. Rb6 Rb8 23. Be3 Nf6 24. Bc5 Rfe8 25. Bd6 Nd7 26. Bxb8 Nxb6 27. Bc7
Nc4 28. Bxc4 bxc4 29. Rd7 Bc6 30. Rd6 Bb5 31. a4 Bxa4 32. Rxa6 Re7 33. Rxa4
Rxc7 34. Kd2 Kh7 35. Kc3 f6 36. Rxc4 Ra7 37. b3 Ra1 38. Kd2 Kh6 39. Rc7 Rg1 40.
c4 Rg2+ 41. Ke3 Rb2 42. Rb7 Rb1 43. c5 Rc1 44. b4 Rc3+ 45. Kf2 Rc2+ 46. Kg3 Rc4
47. Rb6 Rd4 48. c6 Rd8 49. c7 Rc8 50. Rc6 Kh7 51. b5 Kg8 52. b6 Kf8 53. b7 1-0

[Event "Politiken Cup 2007"]
[Site "Helsingor"]
[Date "2007.07.24"]
[Round "5.129"]
[White "Johansen, Stian"]
[Black "Wilhelm, Holger"]
[Result "1-0"]
[WhiteElo "1000"]
[BlackElo "1690"]
[PlyCount "49"]
[EventDate "2007.??.??"]

1. e4 e6 2. d4 d5 3. Nc3 Nf6 4. exd5 exd5 5. Nf3 Bf5 6. Bd3 Bxd3 7. Qxd3 c6 8.
Be3 Bb4 9. a3 Bxc3+ 10. bxc3 O-O 11. O-O Nbd7 12. Rfe1 Nb6 13. Bg5 h6 14. Bh4
Qd6 15. Ne5 Rfe8 16. Bg3 Qd8 17. Re2 Ne4 18. f3 Nxg3 19. hxg3 f6 20. Ng6 Rxe2
21. Qxe2 Qe8 22. Ne7+ Kf7 23. Re1 Nc8 24. Qe6+ Kf8 25. Qg8# 1-0

[Event "Politiken Cup 2007"]
[Site "Helsingor"]
[Date "2007.07.24"]
[Round "5.130"]
[White "Clausen, HansJørgen"]
[Black "Percivaldi, Martin"]
[Result "1-0"]
[WhiteElo "1667"]
[BlackElo "1000"]
[PlyCount "95"]
[EventDate "2007.??.??"]

1. d4 d5 2. Nf3 Nf6 3. e3 e6 4. c4 c5 5. dxc5 Bxc5 6. a3 a5 7. Nc3 Nc6 8. b3
O-O 9. Bb2 dxc4 10. Bxc4 b6 11. O-O Bb7 12. Qxd8 Rfxd8 13. Na4 Ne7 14. Nxc5
bxc5 15. Ne5 Be4 16. f3 Bg6 17. a4 Rd6 18. e4 Rd2 19. Bc3 Rc2 20. Rac1 Rxc1 21.
Rxc1 h6 22. Rd1 Kf8 23. Rd6 Nc8 24. Nxg6+ fxg6 25. Rxe6 Ne7 26. Bxf6 gxf6 27.
Rxf6+ Kg7 28. Rf7+ Kh8 29. Rxe7 Rd8 30. e5 Rf8 31. e6 Rd8 32. Rd7 Re8 33. Ra7
g5 34. e7 Kg7 35. Bb5 Kf7 36. Bxe8+ Kxe8 37. Rxa5 Kxe7 38. Rxc5 Kd6 39. b4 h5
40. a5 g4 41. a6 gxf3 42. gxf3 h4 43. a7 h3 44. a8=Q Ke6 45. Qc6+ Ke7 46. Ra5
Kf7 47. Ra7+ Kf8 48. Qc8# 1-0

[Event "Politiken Cup 2007"]
[Site "Helsingor"]
[Date "2007.07.24"]
[Round "5.131"]
[White "Hansen, Henrik Damgaard"]
[Black "Hirneise, Lothar"]
[Result "1-0"]
[WhiteElo "1904"]
[BlackElo "1450"]
[PlyCount "47"]
[EventDate "2007.??.??"]

1. d4 Nf6 2. c4 g6 3. Nc3 Bg7 4. e4 d6 5. Bg5 O-O 6. f4 c5 7. d5 Nh5 8. Qd2 h6
9. Bh4 Bxc3 10. bxc3 Kh7 11. Bd3 Nd7 12. Nf3 f6 13. O-O Rf7 14. e5 Nf8 15. e6
Rg7 16. g4 Nxf4 17. Qxf4 Qa5 18. Qd2 a6 19. Rae1 Qd8 20. Bg3 Rb8 21. h4 b5 22.
Rb1 Qa5 23. Bf4 h5 24. gxh5 1-0

[Event "Politiken Cup 2007"]
[Site "Helsingor"]
[Date "2007.07.24"]
[Round "5.132"]
[White "Szalai, Janos"]
[Black "Olafsson, Olafur Junior"]
[Result "1-0"]
[WhiteElo "1784"]
[BlackElo "1300"]
[PlyCount "47"]
[EventDate "2007.??.??"]

1. e4 c6 2. d4 d5 3. exd5 cxd5 4. c4 Nf6 5. Nc3 e6 6. Nf3 Nc6 7. Bd3 Be7 8. O-O
O-O 9. a3 dxc4 10. Bxc4 a6 11. d5 exd5 12. Nxd5 Be6 13. Nxe7+ Qxe7 14. Re1 b5
15. Bxe6 fxe6 16. Qb3 Rfe8 17. Bg5 h6 18. Bd2 Kh8 19. Rac1 Rac8 20. Bc3 Nd5 21.
Be5 Nxe5 22. Nxe5 Rxc1 23. Rxc1 Qg5 24. Nf7+ 1-0

[Event "Politiken Cup 2007"]
[Site "Helsingor"]
[Date "2007.07.24"]
[Round "5.134"]
[White "Larsen, Bjarke"]
[Black "Braüner, Jonathan"]
[Result "1-0"]
[WhiteElo "1395"]
[BlackElo "1284"]
[PlyCount "55"]
[EventDate "2007.??.??"]

1. e4 c5 2. Nf3 d6 3. d4 cxd4 4. Nxd4 Nf6 5. Nc3 a6 6. f3 e6 7. Be3 b5 8. Qd2
Nbd7 9. g4 Bb7 10. h4 Nb6 11. Qf2 Nfd7 12. O-O-O Rc8 13. Qd2 b4 14. Nb1 Qc7 15.
Bd3 Nc5 16. Nb3 Nxd3+ 17. Qxd3 Nc4 18. Bf4 e5 19. Bd2 a5 20. Rh2 Ba6 21. Be1
Be7 22. Na1 g5 23. b3 gxh4 24. bxc4 Bg5+ 25. Kb2 Rd8 26. Nd2 a4 27. Bxh4 a3+
28. Kb1 1-0

[Event "Politiken Cup 2007"]
[Site "Helsingor"]
[Date "2007.07.24"]
[Round "5.135"]
[White "Larsen, Alex"]
[Black "Lindgaard, Tobias S"]
[Result "1/2-1/2"]
[WhiteElo "1336"]
[BlackElo "1244"]
[PlyCount "130"]
[EventDate "2007.??.??"]

1. d4 f5 2. c4 Nf6 3. Nc3 e6 4. Nf3 Be7 5. g3 O-O 6. Bg2 c6 7. O-O b6 8. Qc2 d5
9. cxd5 exd5 10. Bf4 Nbd7 11. a3 Bb7 12. Bh3 Ne4 13. Ne5 Rc8 14. f3 Nxc3 15.
bxc3 g6 16. Qd2 Nxe5 17. Bxe5 Bd6 18. f4 c5 19. Bg2 Re8 20. e3 Bxe5 21. fxe5
cxd4 22. exd4 b5 23. Rf3 Rc4 24. Bf1 Rc8 25. Bxb5 Qb6 26. Bxe8 Rxe8 27. Rff1
Rc8 28. Rfe1 Re8 29. Rab1 Qc6 30. Qb2 Ba6 31. Qb4 Bd3 32. Rb2 Be4 33. Qb5 Qxb5
34. Rxb5 Re7 35. Rc5 g5 36. Rc8+ Kg7 37. Rc6 h5 38. Rf6 h4 39. gxh4 gxh4 40.
Re3 Rb7 41. Re1 Rb2 42. Rxe4 fxe4 43. Rf4 e3 44. Kf1 Rxh2 45. Ke1 Rh1+ 46. Ke2
h3 47. Kxe3 h2 48. Rh4 Re1+ 49. Kd3 h1=Q 50. Rxh1 Rxh1 51. c4 Rh4 52. cxd5 Rh3+
53. Kc4 Rxa3 54. Kc5 Kf7 55. Kd6 Rh3 56. Kd7 Rh7 57. e6+ Kf8+ 58. Kc6 Re7 59.
d6 Rxe6 60. d5 Rf6 61. Kc7 a5 62. d7 Rf7 63. Kc8 Rxd7 64. Kxd7 a4 65. d6 a3
1/2-1/2

[Event "Politiken Cup 2007"]
[Site "Helsingor"]
[Date "2007.07.24"]
[Round "5.136"]
[White "Kristensen, Sacha"]
[Black "Edwardsson, Hannu Kalervo"]
[Result "0-1"]
[WhiteElo "1241"]
[BlackElo "1300"]
[PlyCount "86"]
[EventDate "2007.??.??"]

1. e4 e5 2. f4 exf4 3. Nf3 d6 4. d4 Be7 5. Bxf4 Nf6 6. Nbd2 O-O 7. Bd3 b6 8. c3
Ba6 9. c4 Nbd7 10. Qa4 Bb7 11. O-O h6 12. Rae1 Nh7 13. Qc2 Ng5 14. Kh1 Ne6 15.
Be3 Bg5 16. Nxg5 Nxg5 17. h4 Ne6 18. Nf3 Nf6 19. b4 Ng4 20. Bg1 Nf4 21. d5 Nxd3
22. Qxd3 f6 23. Nd4 Bc8 24. Qg3 Bd7 25. Rf5 Bxf5 26. Nxf5 h5 27. Re3 Qd7 28.
Rf3 Kh8 29. Nd4 a5 30. b5 a4 31. Ne6 Rfe8 32. Rf5 Qf7 33. Nxc7 Rac8 34. Nxe8
Rxe8 35. Qxd6 Rxe4 36. Qd8+ Kh7 37. Qxb6 Ne5 38. c5 Rxh4+ 39. Bh2 Ng4 40. c6
Rxh2+ 41. Kg1 Qe8 42. c7 Qe1+ 43. Rf1 Qh4 0-1

[Event "Politiken Cup 2007"]
[Site "Helsingor"]
[Date "2007.07.24"]
[Round "5.137"]
[White "Brandt, Jan-Erik"]
[Black "Kristensen, Steffen Michael"]
[Result "0-1"]
[WhiteElo "1000"]
[BlackElo "1250"]
[PlyCount "114"]
[EventDate "2007.??.??"]

1. d4 f5 2. c4 Nf6 3. Nf3 e6 4. c5 d5 5. e3 Be7 6. Nc3 O-O 7. b4 Ne4 8. Bb2 c6
9. g3 b5 10. Bg2 a5 11. a3 a4 12. Qc2 Nd7 13. O-O-O Ndf6 14. h3 Nxc3 15. Bxc3
Ne4 16. Bb2 Bd7 17. Kb1 Be8 18. Rde1 f4 19. Bf1 Bg6 20. Bd3 fxg3 21. fxg3 Rxf3
22. Rhg1 Rf2 23. Re2 Rxe2 24. Qxe2 Qc7 25. Ka2 Rf8 26. Bxe4 Bxe4 27. Qg4 Qc8
28. h4 Bf5 29. Qe2 Rf7 30. h5 Qf8 31. g4 Be4 32. g5 Rf2 33. Qg4 Qf5 34. Qg3 Rf1
35. g6 Bb1+ 36. Ka1 Bc2+ 37. Bc1 Rxg1 38. Qxg1 Qxh5 39. gxh7+ Bxh7 40. Kb2 Qg6
41. Qd1 Qb1+ 42. Kc3 Qa1+ 43. Kd2 Qa2+ 44. Kc3 Qc4+ 45. Kb2 Qd3 46. Qxd3 Bxd3
47. Kc3 Be4 48. Kd2 Bh4 49. Ke2 g5 50. Kf1 g4 51. Bd2 g3 52. Kg1 g2 53. Be1
Bxe1 54. Kh2 Bf2 55. Kh3 Kg7 56. Kh2 g1=Q+ 57. Kh3 Qg3# 0-1

[Event "Politiken Cup 2007"]
[Site "Helsingor"]
[Date "2007.07.25"]
[Round "6.3"]
[White "Nielsen, Peter Heine"]
[Black "Blomqvist, Erik"]
[Result "1/2-1/2"]
[WhiteElo "2637"]
[BlackElo "2313"]
[PlyCount "79"]
[EventDate "2007.??.??"]

1. d4 d5 2. c4 c6 3. Nf3 Nf6 4. e3 Bf5 5. Nc3 e6 6. Nh4 Bg6 7. Be2 Nbd7 8. O-O
Be7 9. g3 O-O 10. Nxg6 hxg6 11. Qc2 dxc4 12. Bxc4 c5 13. dxc5 Nxc5 14. Rd1 Qc7
15. Bd2 Rac8 16. Rac1 a6 17. Qb1 Qb8 18. Bf1 Rfd8 19. Be1 Rxd1 20. Rxd1 Rd8 21.
Bg2 b5 22. Ne2 Rxd1 23. Qxd1 Qd6 24. Qxd6 Bxd6 25. Bb4 Nfe4 26. Ba5 f5 27. b3
Kf7 28. Nc3 Nxc3 29. Bxc3 Nd3 30. Bb7 Nc1 31. Ba5 Nxa2 32. Bxa6 Nc1 33. Bxb5
Nxb3 34. Bc3 Nc5 35. f3 g5 36. Bd4 Nb3 37. Bc4 Nxd4 38. exd4 Bc7 39. d5 exd5
40. Bxd5+ 1/2-1/2

[Event "Politiken Cup 2007"]
[Site "Helsingor"]
[Date "2007.07.25"]
[Round "6.6"]
[White "Hillarp Persson, Tiger"]
[Black "Lund, Esben"]
[Result "1-0"]
[WhiteElo "2568"]
[BlackElo "2396"]
[PlyCount "67"]
[EventDate "2007.??.??"]

1. e4 e5 2. Nf3 Nc6 3. Bb5 Nf6 4. d3 d6 5. O-O g6 6. Re1 Bd7 7. d4 Bg7 8. d5
Ne7 9. Bxd7+ Nxd7 10. Be3 h6 11. Nfd2 f5 12. f3 h5 13. c4 Bh6 14. Bxh6 Rxh6 15.
Nc3 f4 16. b4 g5 17. c5 a5 18. bxa5 Nxc5 19. Nc4 Qd7 20. Rb1 g4 21. Rb5 gxf3
22. Qxf3 Ng6 23. Rxc5 dxc5 24. d6 O-O-O 25. Nd5 Qg4 26. dxc7 Rxd5 27. exd5 Qxf3
28. gxf3 Kxc7 29. Kf2 Rh8 30. Rg1 Rh6 31. d6+ Kd8 32. Rb1 Kc8 33. Rb6 Nf8 34.
d7+ 1-0

[Event "Politiken Cup 2007"]
[Site "Helsingor"]
[Date "2007.07.25"]
[Round "6.7"]
[White "Thorfinnsson, Bragi"]
[Black "Khenkin, Igor"]
[Result "1/2-1/2"]
[WhiteElo "2389"]
[BlackElo "2602"]
[PlyCount "59"]
[EventDate "2007.??.??"]

1. e4 c6 2. d4 d5 3. exd5 cxd5 4. Bd3 Nc6 5. c3 g6 6. Bf4 Nh6 7. Qd2 Nf5 8. Ne2
Nh4 9. Kf1 h6 10. Na3 a6 11. Re1 Bg7 12. Nc2 Bf5 13. Bxf5 Nxf5 14. h4 e6 15. g3
Na5 16. Ne3 Nxe3+ 17. Qxe3 Nc4 18. Qc1 Qb6 19. b3 Nd6 20. g4 Rc8 21. Qe3 h5 22.
Be5 Kf8 23. Bxg7+ Kxg7 24. Qe5+ Kg8 25. Nf4 hxg4 26. Nxg6 fxg6 27. Qxe6+ Kg7
28. Qe5+ Kg8 29. Qe6+ Kg7 30. Qe5+ 1/2-1/2

[Event "Politiken Cup 2007"]
[Site "Helsingor"]
[Date "2007.07.25"]
[Round "6.8"]
[White "Rasmussen, Casper"]
[Black "Nyback, Tomi"]
[Result "0-1"]
[WhiteElo "2351"]
[BlackElo "2567"]
[PlyCount "78"]
[EventDate "2007.??.??"]

1. Nf3 Nf6 2. c4 g6 3. Nc3 d5 4. Qa4+ Bd7 5. Qb3 dxc4 6. Qxc4 a6 7. d4 b5 8.
Qb3 c5 9. dxc5 Bg7 10. e4 Nc6 11. Be2 Qa5 12. O-O b4 13. Ng5 O-O 14. Nd5 Nxd5
15. Qxd5 Nd4 16. Qxd7 Nxe2+ 17. Kh1 Nxc1 18. Raxc1 Bxb2 19. Rc2 Bf6 20. Nf3
Rfd8 21. Qh3 Qb5 22. Rfc1 Qd3 23. Qg4 Bc3 24. Qh4 Qd7 25. e5 Rac8 26. e6 fxe6
27. Qc4 a5 28. h3 Qd5 29. Qh4 Bf6 30. Qg4 Rd7 31. Re2 Rdc7 32. Rxe6 Rxc5 33.
Rce1 Rc1 34. Kh2 R8c2 35. h4 Rxf2 36. Rxc1 Rxa2 37. Rc8+ Kg7 38. Re8 Qc6 39.
Rd8 Qc7+ 0-1

[Event "Politiken Cup 2007"]
[Site "Helsingor"]
[Date "2007.07.25"]
[Round "6.9"]
[White "Bae, Torstein"]
[Black "Godena, Michele"]
[Result "1-0"]
[WhiteElo "2364"]
[BlackElo "2547"]
[PlyCount "73"]
[EventDate "2007.??.??"]

1. d4 d5 2. c4 e6 3. Nc3 a6 4. Nf3 dxc4 5. e3 Nf6 6. Bxc4 b5 7. Bb3 Bb7 8. O-O
Nbd7 9. Re1 Bb4 10. e4 Bxc3 11. bxc3 Nxe4 12. Ba3 Ndf6 13. Ne5 c5 14. dxc5 Qxd1
15. Raxd1 Rc8 16. c6 Bxc6 17. Nxc6 Rxc6 18. c4 Rc8 19. cxb5 axb5 20. Bb4 Nc3
21. Rd3 Na4 22. Rg3 g6 23. Rg5 Nc3 24. Re3 Nce4 25. Rxb5 Rc1+ 26. Re1 Rxe1+ 27.
Bxe1 O-O 28. f3 Nd6 29. Rb6 Nf5 30. Bb4 Rc8 31. Rxe6 Rb8 32. Rxf6 Rxb4 33. Kf2
h5 34. Rxg6+ Kf8 35. Rf6 Nd4 36. Rxf7+ Ke8 37. Rf4 1-0

[Event "Politiken Cup 2007"]
[Site "Helsingor"]
[Date "2007.07.25"]
[Round "6.10"]
[White "Agrest, Evgenij"]
[Black "Nithander, Victor"]
[Result "1-0"]
[WhiteElo "2541"]
[BlackElo "2357"]
[PlyCount "89"]
[EventDate "2007.??.??"]

1. d4 Nf6 2. Nf3 g6 3. c4 Bg7 4. Nc3 O-O 5. Bg5 d6 6. e3 c5 7. d5 h6 8. Bh4 g5
9. Bg3 Nh5 10. Bd3 f5 11. Nd2 Nxg3 12. hxg3 Nd7 13. Nf3 Nf6 14. Qc2 Ng4 15. Nh2
Ne5 16. Be2 e6 17. f4 Nf7 18. dxe6 Bxe6 19. Bd3 Qf6 20. O-O Rae8 21. g4 fxg4
22. f5 Ne5 23. fxe6 Qxe6 24. Be4 Kh8 25. Bd5 Qe7 26. Rxf8+ Rxf8 27. Rf1 g3 28.
Rxf8+ Qxf8 29. Nf1 Ng4 30. Bf3 Ne5 31. Qe2 Qf7 32. Bd5 Qf2+ 33. Qxf2 gxf2+ 34.
Kxf2 Nd3+ 35. Ke2 Nxb2 36. Nb5 Be5 37. Nxa7 b6 38. Nd2 Na4 39. Ne4 Kg7 40. Nb5
Kf8 41. g4 Ke7 42. Kd2 Kd7 43. Kc2 Ke7 44. Nf2 Nb2 45. Nc3 1-0

[Event "Politiken Cup 2007"]
[Site "Helsingor"]
[Date "2007.07.25"]
[Round "6.11"]
[White "Cmilyte, Viktorija"]
[Black "Hirneise, Tobias"]
[Result "1-0"]
[WhiteElo "2467"]
[BlackElo "2293"]
[PlyCount "159"]
[EventDate "2007.??.??"]

1. d4 Nf6 2. c4 g6 3. Nf3 Bg7 4. g3 O-O 5. Bg2 d6 6. O-O Nc6 7. Nc3 a6 8. h3
Bd7 9. e4 e5 10. dxe5 dxe5 11. Be3 Be6 12. b3 Nd7 13. Qd2 f6 14. Rfd1 Rf7 15.
c5 Qf8 16. Nd5 Rc8 17. b4 h6 18. Nh4 Kh7 19. g4 Qe8 20. Rac1 Nd8 21. Rc3 c6 22.
Rd3 Rf8 23. Nc3 Rf7 24. Ne2 Rc7 25. Qc2 Re7 26. f4 exf4 27. Bxf4 Rc8 28. Bd6
Rf7 29. e5 f5 30. Re3 Kg8 31. gxf5 Bxf5 32. Nxf5 Rxf5 33. Nd4 Rg5 34. e6 Nf6
35. e7 Nf7 36. Ne6 Rf5 37. Nxg7 Kxg7 38. Qc3 Kh7 39. Re6 Nd5 40. Qg3 Ng5 41.
Re2 Qf7 42. Rf1 Rxf1+ 43. Bxf1 Nf3+ 44. Kg2 Nd4 45. Re4 Nf5 46. Qe5 Re8 47. Be2
Qf6 48. Qxf6 Nxf6 49. Re6 Nd5 50. Bd3 Kg7 51. Bxf5 gxf5 52. a3 h5 53. Kf3 Kf7
54. Rh6 Nxe7 55. Bxe7 Rxe7 56. Kf4 Re4+ 57. Kxf5 Rh4 58. Rh7+ Kg8 59. Rxb7 Rxh3
60. Rb6 Rxa3 61. Rxc6 Rb3 62. Rb6 Kf7 63. Rb7+ Ke8 64. Ke6 Kd8 65. Kd6 Kc8 66.
c6 Rd3+ 67. Kc5 Rc3+ 68. Kb6 Rc4 69. Rc7+ Kd8 70. Rd7+ Kc8 71. b5 axb5 72. Rh7
Kd8 73. c7+ Kc8 74. Rxh5 b4 75. Rh8+ Kd7 76. Rd8+ Ke6 77. c8=Q+ Rxc8 78. Rxc8
Kd5 79. Ka5 b3 80. Ka4 1-0

[Event "Politiken Cup 2007"]
[Site "Helsingor"]
[Date "2007.07.25"]
[Round "6.12"]
[White "Olsen, Heini"]
[Black "Thorhallsson, Throstur"]
[Result "1-0"]
[WhiteElo "2350"]
[BlackElo "2461"]
[PlyCount "79"]
[EventDate "2007.??.??"]

1. c4 e6 2. Nc3 d5 3. d4 Nf6 4. Nf3 c6 5. Bg5 h6 6. Bxf6 Qxf6 7. Qb3 Nd7 8. e4
dxe4 9. Nxe4 Qd8 10. O-O-O Be7 11. Bd3 Qc7 12. Rhe1 b6 13. Kb1 Bb7 14. g3 O-O
15. Bc2 Rfe8 16. Ne5 Nf8 17. f4 Red8 18. f5 exf5 19. c5 Bxc5 20. Nxc5 bxc5 21.
dxc5 Rxd1+ 22. Bxd1 Re8 23. Qc3 Nd7 24. Nc4 Rxe1 25. Qxe1 Nxc5 26. Qe8+ Kh7 27.
Ne5 Qc8 28. Qe7 Ne4 29. Qxf7 Ng5 30. Qg6+ Kh8 31. Bb3 c5 32. h4 Be4+ 33. Kc1 c4
34. Bxc4 f4 35. Qd6 fxg3 36. hxg5 g2 37. Qd4 Bf5 38. gxh6 Kh7 39. hxg7 Qc7 40.
g8=Q+ 1-0

[Event "Politiken Cup 2007"]
[Site "Helsingor"]
[Date "2007.07.25"]
[Round "6.13"]
[White "Ivanov, Mikhail M"]
[Black "Tuominen, Risto"]
[Result "1-0"]
[WhiteElo "2455"]
[BlackElo "2272"]
[PlyCount "97"]
[EventDate "2007.??.??"]

1. d4 Nf6 2. Bg5 e6 3. c4 c5 4. d5 exd5 5. cxd5 h6 6. Bf4 d6 7. Nc3 g5 8. Bd2
Bf5 9. e4 Bg6 10. h4 g4 11. f4 gxf3 12. gxf3 Nbd7 13. Nge2 Be7 14. Qa4 a6 15.
Nf4 b5 16. Qc2 Ne5 17. Be2 Nh5 18. Nxg6 Nxg6 19. O-O-O Bxh4 20. e5 Ng3 21. Rhe1
dxe5 22. Bd3 Ne7 23. Rxe5 Kf8 24. Ne4 Ng6 25. Qxc5+ Kg8 26. Qd4 Nxe4 27. Rxe4
Bf6 28. Qe3 Qxd5 29. Kb1 Rd8 30. Bc2 Kg7 31. f4 Rc8 32. Bc3 Qc6 33. Bxf6+ Qxf6
34. Red4 Rhe8 35. Qd2 Nh4 36. Rg1+ Kh8 37. Rd6 Re6 38. Qd3 Ng6 39. Rxe6 Qxe6
40. Qd4+ Kg8 41. f5 Qc6 42. Bb3 Kh7 43. fxg6+ fxg6 44. a3 Rc7 45. Rf1 Rg7 46.
Ka2 Qe8 47. Qd6 Qe2 48. Rf8 h5 49. Qd8 1-0